Los orígenes de nuestra Marina Militar

I tiakina i:
Ngā taipitopito rārangi puna kōrero
Kaituhi matua: Uribe Orrego, Luis (Author)
Hōputu: Pukapuka
Reo:Pāniora
I whakaputaina: Santiago Imprenta Nacional, Moneda 112 1892
Putanga:1a. ed
Ngā marau:
Ngā Tūtohu: Tāpirihia he Tūtohu
Kāore He Tūtohu, Me noho koe te mea tuatahi ki te tūtohu i tēnei pūkete!

MARC

LEADER 00000nam a2200000 a 4500
001 UCJ4811
003 CL-VaPUC
008 070124e18920000CL |||||||||||||||||spa|d
082 0 4 |a 983  |b URI  |2 21 
100 0 |a Uribe Orrego, Luis  |e author  |9 509181 
245 1 4 |a Los orígenes de nuestra Marina Militar 
246 1 0 |a Parte segunda, 1819 - 1823: Las campañas de Lord Cochrane 
250 |a 1a. ed 
300 |a 312 p 
942 |c BK 
945 |d 20070124 00:00:00  |a rinostro 
260 |a Santiago  |b Imprenta Nacional, Moneda 112  |c 1892 
500 |a Empastado en un volumen junto a la Parte Primera 
600 0 |a Cochrane, Thomas Alexander  |9 438892 
650 0 |a Historia naval  |9 268284 
650 0 |a Guerra de la independencia   |9 331979 
650 7 |a OPERACIONES NAVALES  |2 CL-VaPUC  |9 494907 
650 7 |a DOCUMENTOS HISTORICOS  |2 CL-VaPUC  |9 438868 
583 |a last modification  |c 20070124 00:00:00  |k Rodrigo Vera 
999 |c 320926  |d 320924 
952 |0 0  |1 0  |4 0  |6 983_000000000000000_URI_1892  |7 0  |8 X  |9 399562  |a FDOBUD  |b FDOBUD  |d 2019-11-22  |i 1026216  |o 983 URI 1892  |p 1026216  |r 2019-11-22  |w 2019-11-22  |y BK_X  |k BUD